| 000 | 00758nam a2200193 a 4500 | ||
|---|---|---|---|
| 001 | BRCA_397 | ||
| 005 | 20190320203007.0 | ||
| 008 | 840402s1969 ag-a---###---#000-0#spa-# | ||
| 040 |
_aDLC _cCarP _dDLC |
||
| 050 | 4 |
_aNK4565 _b.P67 1969 |
|
| 245 | 1 | 0 | _aPorcelanas ´Compañía de la Indias´. |
| 260 |
_aBuenos Aires _bMuseo Nacional de Arte Decorativo _c1969 |
||
| 300 |
_a1 v. (sin paginación) _bil. (algunas a color) _c24 cm. |
||
| 500 | _aCatálogo de la exposición realizada en el Museo Nacional de Arte Decorativo (Buenos Aires), septiembre - octubre, 1969 | ||
| 504 | _aBibliografía: p. [55] | ||
| 650 | 1 | 4 |
_aPorcelana china _vExposiciones _ySiglo XVII-XVIII _91345 |
| 650 | 1 | 4 |
_aPorcelana china _xColecciones privadas _zBuenos Aires _91346 |
| 942 |
_2lcc _cB |
||
| 999 |
_c332 _d332 |
||